00633 a2200181 4500003000500000005001700005040000900022082000800031100002100039245002800060260003600088300001800124505014800142538003100290942001200321999001900333952009900352Nust20170207154118.0 cNust a530 aA. Kitaigorodsky aIntroduction to Physics aMoscowbForeign languagesc1931 axii:710 pages aPart.1- Mechanical and Thermal Motion(Page-19) Part.2- Electromagnetic Fields(Page-226) Part.3- Structure and Properties of Matter (Page-443)  aAlmirah No. 15 Shelf No. 3 2ddccBK c194188d194188 00102ddc40708NFICaMCSbMCSd2016-12-12l0o530 KITpMCS6041r2016-12-08w2016-12-12yBK